Star Wars - Statistics

General Stats
  • This quiz has been taken 311 times
  • The average score is 8 of 9
Answer Stats
Hint Answer % Correct
Skywalker 2 Luke
100%
Skywalker Anakin
98%
Solo Han
98%
Hutt Jabba
95%
Windu Mace
95%
Jin Qui-Gon
87%
C C3PO
70%
R R2D2
69%
Kenobi Ben
68%
No matching quizzes found
Score Distribution
Percent of People with Each Score
Percentile by Number Answered
Your Score History
You have not taken this quiz